000 00751nam a22001697a 4500
003 UA-OsUOA
001 17146
007 ta
008 20040211b un ||||| |||| 00| 0 ukr d
100 _aХаритонюк О.
942 _cSA
040 _aUA-OsUOA
_cUA-OsUOA
_dUA-OsUOA
245 _aМолодим - широку дорогу
_b[Розмова зі студентом Міжнар. ун-ту "РЕГІ" , головою молодіж. орг. "Молодь за духовне відродження" О.Харитонюком ]/ Розмову вів Р.Кримчук
_cХаритонюк О.
955 _a0
773 0 _w0
_tСім днів
_dРівне
_d2004
_g№2/ 9 січ./
650 7 _aКраєзнавча робота
_2UDC
999 _c303314
_d303314